000 00464nam a2200169Ia 4500
008 180921t2014 xxu||||| |||| 00| 0 sin d
041 _asin
080 _a8-32
_bIND
245 _aඉන්දියානු ආදර කතා
246 _aIndiyanu Adara Katha
260 _bWijesooriya
_aPunchi Boralla
_c2014
300 _a128p, 20cm
700 _aJayathilaka Kammallaweera
_etr.
942 _cBK
999 _c9432
_d9432
003 LK-CoDNM
040 _aLK-CoDNM
_dLK-CoDNM
_eLK-CoDNM